000 00504nam a2200181Ia 4500
001 12723
005 20260306163002.0
008 260306t2012||||xx |||||||||||||| ||spa||
041 _aESP
082 _aHR 930.1
_bN° 6 FEB 2012 KULLPI
100 _aDalen Luna, Pieter D. van,
_eAUT
245 0 _aKullpi :
_binvestigaciones culturales en la provincia de Huaral y el Norte Chico
260 _c2012
300 _a256 páginas :
_c24 cm.
650 _aGEN
654 _aCHU
942 _cREV
_dJUS
_fJUS
_2ddc
_n
999 _c12723
_d12723